| 000 | 00961cam a2200301 a 4500 | ||
|---|---|---|---|
| 001 | 2390580 | ||
| 003 | OSt | ||
| 005 | 20151216083331.0 | ||
| 008 | 850212s1985 enkaf 001 0aeng | ||
| 010 | _a 85117231 | ||
| 020 | _a9780099445906 | ||
| 040 |
_aDLC _cDLC _dDLC |
||
| 043 | _ae-uk--- | ||
| 050 | 0 | 0 | _aDA 591 .T475 1986 |
| 082 | 0 | 0 |
_aHS 328.41 _bT36 1985 |
| 100 | 1 |
_aThomas, George _d1909- _911494 |
|
| 245 | 1 | 0 |
_aGeorge Thomas, Mr Speaker : _bthe memoirs the Viscount Tonypandy / |
| 260 |
_aLondon : _bArrow Books, _cc1986. |
||
| 300 |
_a242 p. ; _bill. ; _c19 cm. |
||
| 500 | _aIncludes index. | ||
| 600 | 1 | 0 |
_aThomas, George, _d1909- _911495 |
| 610 | 1 | 0 |
_aGreat Britain. _bParliament. _bHouse of Commons _xSpeakers. _911496 |
| 650 | 0 |
_aLegislators _zGreat Britain _xBiography. _911497 |
|
| 651 | 0 |
_aGreat Britain _xPolitics and government _y1945- _911498 |
|
| 906 |
_a7 _bcbc _corignew _d3 _encip _f19 _gy-gencatlg |
||
| 942 |
_2lcc _cBK |
||
| 999 |
_c8852 _d8852 |
||